| 000 | 00854nam a2200241 a 4500 | ||
|---|---|---|---|
| 001 | 000041056 | ||
| 005 | 20240412074300.0 | ||
| 008 | 130916s2007 sp a 000 p spa d | ||
| 020 | _a9788447709793 | ||
| 040 |
_aDO-SdBNP _bspa _cBNPHU |
||
| 082 |
_aRD861.44 _bO77t |
||
| 100 | 1 |
_aOrtíz de Machuca, Teresa _925713 |
|
| 245 | 1 | 0 |
_aTemblor del árbol / _cTeresa Ortíz de Machuca; prólogo de Ángeles Cardona. |
| 260 |
_aBarcelona : _bPromociones y Publicaciones Universitarias, _c2007. |
||
| 300 |
_a120 p. : _bil. ; _c21 cm. |
||
| 490 | 1 | _aPoesía hispánica | |
| 500 | _aIncluye datos biográficos del autor en la solapa de la contracubierta. | ||
| 590 | _aInventariado, 2018/LP | ||
| 650 | 0 |
_aPoesía dominicana _966 |
|
| 650 | 0 |
_aLiteratura dominicana. _967 |
|
| 700 | 1 | 2 |
_aCardona, Ángeles _epról. _925714 |
| 830 | 0 |
_aPoesía hispánica _967545 |
|
| 999 |
_c40546 _d40546 |
||